header

The anatomy of an international monetary regime (Record no. 4388)

MARC details
000 -LEADER
fixed length control field 01218nam a2200301Ia 4500
100 1# - MAIN ENTRY--AUTHOR NAME
Personal name Gallarotti, Giulio M.
245 14 - TITLE STATEMENT
Title The anatomy of an international monetary regime
260 ## - PUBLICATION, DISTRIBUTION, ETC. (IMPRINT)
Place of publication New York :
Name of publisher Oxford University Press,
Year of publication 1995.
300 ## - PHYSICAL DESCRIPTION
Number of Pages xii, 347 p. :
Other physical details ill.
650 #0 - SUBJECT ADDED ENTRY--TOPICAL TERM
Topical Term Gold standard
Topical Term International finance
856 40 - ELECTRONIC LOCATION AND ACCESS
Uniform Resource Identifier http://site.ebrary.com/lib/rucke/Doc?id=10278958

No items available.

© 2026 Rongo University
Contact us: librarian | system librarian | Rongo university